Morphology, genetics, and ecology of pocket gophers (<genus Geomys>) in a narrow hybrid zone (Registro nro. 9534)
[ vista simple ]
| 000 -CABECERA | |
|---|---|
| Campo de control | 006260000a22001810004500 |
| 090 ## - CLASIFICACIÓN LOCAL | |
| Colección | AR |
| Consecutivo | 00438 |
| 041 0# - IDIOMA | |
| Código de idioma para texto/pista de sonido o título separado | |
| 100 1# - ASIENTO PRINCIPAL--NOMBRE PERSONAL | |
| Nombre personal | Heaney, Lawrence R. |
| 245 10 - MENCION DE TITULO | |
| Título | Morphology, genetics, and ecology of pocket gophers (<genus Geomys>) in a narrow hybrid zone |
| 650 14 - ASIENTO SECUNDARIO DE MATERIA - TERMINO TEMATICO | |
| Término temático o nombre geográfico como elemento de entrada | Hibridización |
| 650 14 - ASIENTO SECUNDARIO DE MATERIA - TERMINO TEMATICO | |
| Término temático o nombre geográfico como elemento de entrada | Diferenciación primaria |
| 651 #4 - ASIENTO SECUNDARIO DE MATERIA - NOMBRE GEOGRAFICO | |
| -- | Oakdale |
| -- | Nebraska |
| -- | Estados Unidos |
| 653 ## - TERMINO DE INDIZACION - NO CONTROLADO | |
| -- | Geomys |
| -- | Geomys bursarius |
| 653 ## - TERMINO DE INDIZACION - NO CONTROLADO | |
| -- | Geomys |
| -- | Geomys lutescens |
| 700 1# - ASIENTO SECUNDARIO - NOMBRE PERSONAL | |
| Nombre personal | Timm, Robert M. |
| 773 1# - Item fuente: | |
| Título | Biological Journal of the Linnean Society |
| Especificación de materiales | 166 |
| Descripción física | 25 |
| Paginas del Articulo | 301-317 |
| Lugar, editorial y fecha de publicación | 1985 |
| 942 ## - ELEMENTOS ADICIONALES (KOHA) | |
| Tipo de ítem | Artículo |
| Withdrawn status | Lost status | Damaged status | No para préstamo | Colección | Ubicación Permanente | Ubicación actual | Fecha de adquisición | Datos de publicación Seriada | Total Checkouts | Número topográfico | Inventario / Código de Barras | Date last seen | Ejemplar | Price effective from | Forma de adquisición | Tipo de material |
|---|---|---|---|---|---|---|---|---|---|---|---|---|---|---|---|---|
| No para Préstamo | Hemeroteca | Bogotá | Bogotá | 27/02/2015 | Fuera de circulación | AR 00438 | 010715 | 25/03/2015 | 1 | 25/03/2015 | Artículo | |||||
| No para Préstamo | Hemeroteca | Bogotá | Bogotá | 27/02/2015 | Fuera de circulación | AR 00438 | 010716 | 25/03/2015 | 2 | 25/03/2015 | Artículo |